[Event "Santa Barbara Avendano Memorial"]
[Site "Santa Barbara"]
[Date "2024.02.24"]
[Round "5"]
[White "Bolanos Arguello, Alexis"]
[Black "Solano Monge, Luis Guillermo"]
[Result "1-0"]
[WhiteElo "1505"]
[BlackElo "1096"]
[PlyCount "63"]
[EventDate "2024.01.27"]
[EventType "swiss"]
[EventRounds "6"]
[EventCountry "CRI"]
[SourceTitle "EXT 2025"]
[Source "ChessBase"]
[SourceDate "2024.10.14"]
[SourceVersion "1"]
[SourceVersionDate "2024.10.14"]
[SourceQuality "1"]

1. e4 e5 2. Nf3 Nc6 3. Bb5 Bc5 4. 0-0 Nf6 5. Qe2 Ne7 6. Nxe5 c6 7. Bc4 0-0 8. d3 d6 9. Nf3 Ng6 10. h3 Re8 11. Nc3 b5 12. Bb3 a5 13. a4 b4 14. Nd1 h6 15. Be3 Ba7 16. c3 Nh5 17. Qd2 Bxe3 18. fxe3 Rf8 19. Qf2 Kh8 20. Nd4 Bd7 21. Nf5 Bxf5 22. exf5 Ne5 23. d4 Nd7 24. e4 Ndf6 25. Qh4 g5 26. fxg6 Kg7 27. Bxf7 c5 28. Ne3 Rxf7 29. gxf7 Kxf7 30. Qxh5+ Kg7 31. Nf5+ Kh8 32. Qxh6+ 1-0

[Event "Santa Barbara Avendano Memorial"]
[Site "Santa Barbara"]
[Date "2024.02.17"]
[Round "4"]
[White "Vega Araya, Edwin"]
[Black "Bolanos Arguello, Alexis"]
[Result "1-0"]
[WhiteElo "1809"]
[BlackElo "1505"]
[PlyCount "79"]
[EventDate "2024.01.27"]
[EventType "swiss"]
[EventRounds "6"]
[EventCountry "CRI"]
[SourceTitle "EXT 2025"]
[Source "ChessBase"]
[SourceDate "2024.10.14"]
[SourceVersion "1"]
[SourceVersionDate "2024.10.14"]
[SourceQuality "1"]

1. d4 Nf6 2. Nf3 d5 3. Bg5 c6 4. c4 Bf5 5. Nc3 e6 6. Qb3 Qb6 7. c5 Qxb3 8. axb3 Nbd7 9. b4 Be7 10. b5 0-0 11. e3 h6 12. Bh4 g5 13. Bg3 Ne4 14. Nxe4 Bxe4 15. Nd2 Bg6 16. bxc6 bxc6 17. Ba6 e5 18. Bb7 Rab8 19. Bxc6 Nf6 20. Rxa7 Bd8 21. 0-0 Rxb2 22. Nf3 exd4 23. exd4 Bd3 24. Re1 Kg7 25. Bd6 Rg8 26. Ne5 Bg6 27. f3 Rd2 28. Nxg6 Kxg6 29. Be5 h5 30. Kf1 g4 31. Re2 Rd3 32. Kf2 h4 33. Bb5 g3+ 34. hxg3 hxg3+ 35. Ke1 Rc3 36. Ba4 Rh8 37. Kd2 Rc4 38. Bb5 Rb4 39. Bd3+ Kg7 40. Kc3 1-0

[Event "Santa Barbara op"]
[Site "Santa Barbara"]
[Date "2023.02.11"]
[Round "3"]
[White "Vega Araya, Edwin"]
[Black "Bolanos Arguello, Alexis"]
[Result "1-0"]
[WhiteElo "1804"]
[BlackElo "1574"]
[PlyCount "97"]
[EventDate "2023.01.28"]
[EventType "swiss"]
[EventRounds "6"]
[EventCountry "CRI"]
[SourceTitle "CBM 213 Extra"]
[Source "ChessBase"]
[SourceDate "2023.05.31"]
[SourceVersion "1"]
[SourceVersionDate "2023.05.31"]
[SourceQuality "1"]

1. e4 e5 2. Nf3 Nc6 3. Bb5 a6 4. Ba4 Nf6 5. 0-0 b5 6. Bb3 Be7 7. a4 Bb7 8. Re1 0-0 9. c3 d6 10. d4 h6 11. Nbd2 Na5 12. Bc2 exd4 13. cxd4 c5 14. Nf1 cxd4 15. Nxd4 d5 16. e5 Ne4 17. axb5 Nc4 18. Ng3 Bc5 19. Nxe4 dxe4 20. Nc6 Qh4 21. Qe2 axb5 22. Rxa8 Rxa8 23. g3 Qh3 24. Bxe4 Re8 25. Qf1 Qh5 26. Qg2 Bxc6 27. Bxc6 Rxe5 28. Rxe5 Qxe5 29. Qe4 Qxe4 30. Bxe4 Nd6 31. Bd3 b4 32. b3 Kf8 33. Kf1 Ke7 34. Ke2 Ke6 35. f3 g5 36. g4 f5 37. Bb2 fxg4 38. fxg4 Kf7 39. Kf3 Ne8 40. Ke4 Nf6+ 41. Kf5 Ne8 42. Bc4+ Ke7 43. Kg6 Be3 44. h3 Bd2 45. Bd4 Bc3 46. Bc5+ Nd6 47. Kxh6 Kd7 48. Bxd6 Kxd6 49. Kxg5 1-0